How to introduce others to Christ / (Record no. 5018)
[ view plain ]
| 000 -LEADER | |
|---|---|
| fixed length control field | 01055cam a2200301Ia 4500 |
| 001 - CONTROL NUMBER | |
| control field | 10976521 |
| 003 - CONTROL NUMBER IDENTIFIER | |
| control field | OCoLC |
| 005 - DATE AND TIME OF LATEST TRANSACTION | |
| control field | 20181219144649.0 |
| 008 - FIXED-LENGTH DATA ELEMENTS--GENERAL INFORMATION | |
| fixed length control field | 840723t19811972xx a f 000 0 eng d |
| 035 ## - SYSTEM CONTROL NUMBER | |
| System control number | (OCoLC)10976521 |
| 040 ## - CATALOGING SOURCE | |
| Original cataloging agency | ICW |
| Language of cataloging | eng |
| Transcribing agency | ICW |
| Modifying agency | OCL |
| -- | OCLCQ |
| -- | CFT |
| -- | OCLCF |
| -- | OCLCQ |
| -- | OCLCO |
| -- | OCL |
| -- | CIRBC |
| 050 #4 - LIBRARY OF CONGRESS CALL NUMBER | |
| Classification number | BV3796.1 |
| Item number | .B754 1981 |
| 082 ## - DEWEY DECIMAL CLASSIFICATION NUMBER | |
| Classification number | 248.4 |
| Item number | B855H |
| 092 0# - LOCALLY ASSIGNED DEWEY CALL NUMBER (OCLC) | |
| Classification number | 269.2 |
| Item number | B8553 |
| 100 1# - MAIN ENTRY--PERSONAL NAME | |
| Personal name | Bright, Bill. |
| 245 10 - TITLE STATEMENT | |
| Title | How to introduce others to Christ / |
| Statement of responsibility, etc. | by Bill Bright. |
| 260 ## - PUBLICATION, DISTRIBUTION, ETC. | |
| Place of publication, distribution, etc. | [Place of publication not identified] : |
| Name of publisher, distributor, etc. | Campus Crusade for Christ, |
| Date of publication, distribution, etc. | 1981, ©1972. |
| 300 ## - PHYSICAL DESCRIPTION | |
| Extent | 64 pages : |
| Other physical details | illustrations ; |
| Dimensions | 18 cm. |
| 336 ## - CONTENT TYPE | |
| Content type term | text |
| Content type code | txt |
| Source | rdacontent |
| 337 ## - MEDIA TYPE | |
| Media type term | unmediated |
| Media type code | n |
| Source | rdamedia |
| 338 ## - CARRIER TYPE | |
| Carrier type term | volume |
| Carrier type code | nc |
| Source | rdacarrier |
| 490 1# - SERIES STATEMENT | |
| Series statement | Transferable concept ; |
| Volume/sequential designation | 6 |
| 650 #0 - SUBJECT ADDED ENTRY--TOPICAL TERM | |
| Topical term or geographic name entry element | Witness bearing (Christianity) |
| Form subdivision | Handbooks, manuals, etc. |
| 650 #0 - SUBJECT ADDED ENTRY--TOPICAL TERM | |
| Topical term or geographic name entry element | Evangelistic work |
| Form subdivision | Handbooks, manuals, etc. |
| 655 #7 - INDEX TERM--GENRE/FORM | |
| Genre/form data or focus term | Handbooks and manuals. |
| Source of term | fast |
| Authority record control number or standard number | (OCoLC)fst01423877 |
| 830 #0 - SERIES ADDED ENTRY--UNIFORM TITLE | |
| Uniform title | Transferable concept ; |
| Volume/sequential designation | 6. |
| 942 ## - ADDED ENTRY ELEMENTS (KOHA) | |
| Source of classification or shelving scheme | Dewey Decimal Classification |
| Koha item type | Books |
| Withdrawn status | Lost status | Source of classification or shelving scheme | Damaged status | Not for loan | Collection code | Home library | Current library | Shelving location | Date acquired | Cost, normal purchase price | Total Checkouts | Full call number | Barcode | Date last seen | Price effective from | Koha item type |
|---|---|---|---|---|---|---|---|---|---|---|---|---|---|---|---|---|
| Dewey Decimal Classification | Non-fiction | Harvest Mission College | Harvest Mission College | General Stacks | 19.12.2018 | 60.00 | 248.4 B855H | 005736 | 19.12.2018 | 19.12.2018 | Books |
